000 00309nam a2200121Ia 4500
008 190216s9999||||xx |||||||||||||| ||und||
100 _aStern F
245 4 _aThe Varieties Of History From Voltaine To The Present
260 _bVintage Books
_c1975
300 _a527p
650 _aIndian History
942 _cBK
999 _c19989
_d19989